Szczegóły MARC21

Płynność finansowa polskich przedsiębiorstw w okresie transformacji gospodarki : aspekty makroekonomiczne i mikroekonomiczne /

003 -Nazwa inst., której nr kontr. jest w polu 001 [,]
    • @
    • Nazwa instytucji, której n kontrolny jest w polu 001
    • NUKAT
005 -DATA I CZAS OSTATNIEJ MODYFIKACJI [,]
    • @
    • pole kontrolne
    • 20150126011900.0
020 -Międzynarod. znormalizowany nr książki - ISBN [ , ]
    • a
    • Numer ISBN
    • 8372250987 Find
040 -Instytucja sporządzająca opis [ , ]
    • a
    • Instytucja, która sporządziła opis (NP)
    • Ł U/GS
    • c
    • Instytucja, która sporządziła rekord (NP)
    • Ł U/GS
    • d
    • Instytucja, która zmodyfikowała rekord (P)
    • Ł U/MK
    • d
    • Instytucja, która zmodyfikowała rekord (P)
    • Ł U/MSs
942 -Rodzaj dokumentu [ , ]
    • c
    • Rodzaj dokumentu
    • Książka
245 -Strefa tytułu i oznaczenia odpowiedzialności [0,0]
    • a
    • Tytuł
    • Płynność finansowa polskich przedsiębiorstw w okresie transformacji gospodarki : Find
    • b
    • Ciąg dalszy tytułu (NP)
    • aspekty makroekonomiczne i mikroekonomiczne / Find
    • c
    • Pozostałe elementy strefy tytułu i oznaczenia odpowiedzialności (NP)
    • pod red. Urszuli Wojciechowskiej ; [aut. Zdzisław Fedorowicz et al.].
260 -Strefa adresu wydawniczego [ , ]
    • a
    • Miejsce wydania (P)
    • Warszawa :
    • b
    • Nazwa wydawcy (P)
    • Szkoła Główna Handlowa,
    • c
    • Data wydania (P)
    • 2001.
300 -Strefa opisu fizycznego [ , ]
    • a
    • Określenie formy książki i/lub objętość (NP)
    • 317 s. :
    • b
    • Oznaczenie ilustracji (NP)
    • wykr. ;
    • c
    • Format (NP)
    • 24 cm.
504 -Uwaga dot. bibliogr. załącznikowej [ , ]
    • a
    • Uwaga dot. bibliografii załącznikowej
    • Bibliogr. s. 316-317.
080 -Uniwersalna Klasyfikacja Dziesiętna [ , ]
    • a
    • Symbol klasyfikacji
    • 658.14/.17(438)"1989/..."
080 -Uniwersalna Klasyfikacja Dziesiętna [ , ]
    • a
    • Symbol klasyfikacji
    • :338.22(438)"1989/..."
650 -Hasło przedmiotowe [ , ]
    • a
    • Hasło przedmiotowe
    • Płynność finansowa
    • x
    • Określnik rzeczowy
    • modele matematyczne.
    • 9
    • KHW
    • 538457
650 -Hasło przedmiotowe [ , ]
    • a
    • Hasło przedmiotowe
    • Płynność finansowa
    • x
    • Określnik rzeczowy
    • zarządzanie.
    • 9
    • KHW
    • 367867
650 -Hasło przedmiotowe [ , ]
    • a
    • Hasło przedmiotowe
    • Przedsiębiorstwa
    • z
    • Określnik geograficzny
    • Polska
    • x
    • Określnik rzeczowy
    • finanse
    • y
    • Określnik chronologiczny
    • 1990-.
    • 9
    • KHW
    • 356633
980 -Symbol UKD [ , ]
    • a
    • UKD
    • 658.14/.17:338.22](438)"1989/..."
700 -Hasło dodatkowe - nazwa osobowa [1, ]
    • a
    • Nazwa osobowa (NP)
    • Wojciechowska-Szczegielniak, Urszula Find
    • d
    • Daty biograficzne (NP)
    • ( -2001).
    • e
    • Określenie rodzaju współpracy
    • Red.
    • 9
    • KHW
    • 38669
700 -Hasło dodatkowe - nazwa osobowa [1, ]
    • a
    • Nazwa osobowa (NP)
    • Fedorowicz, Zdzisław Find
    • d
    • Daty biograficzne (NP)
    • (1922-2007).
    • 9
    • KHW
    • 14547
920 -ISBN [ , ]
    • a
    • ISBN
    • 83-7225-098-7 Find
Status udost. Numer inwentarzowy Sygnatura Lokalizacja Data inwentaryzacji
2T.7368T.7368T2003-04-28